| 000 | 00461nam a2200169Ia 4500 | ||
|---|---|---|---|
| 005 | 20250423101312.0 | ||
| 008 | 250422s9999 xx 000 0 und d | ||
| 020 | _a9781444337174 | ||
| 050 | _aR 727.4 .K56/ | ||
| 100 | _aEdited by Sophie Hill | ||
| 245 | 4 | _aThe knowledgeable patient: communication and participation in health (A Cochrane Handbook) | |
| 260 | _aNew York | ||
| 260 | _bWiley-Blackwell | ||
| 260 | _c2011 | ||
| 300 | _a223 p | ||
| 942 | _cBK | ||
| 999 |
_c35905 _d35905 |
||